000 00826 a2200253 4500
003 OSt
005 20230327143521.0
008 220726s2016 sp a||||r|||| 00| 0 spa d
020 _a9788416758173
040 _cCHAP
082 0 0 _a631
_bG64
_222
100 1 _9146596
_aGonzález Romero, Jaime
245 1 0 _aTécnicas de cultivo /
_cpor Jaime González Romero
264 _aArtequera, Malaga :
_bIC Editorial,
_c2016.
300 _aiv, 297 páginas.
_bilustraciones.
504 _aIncluye bibliografía.
650 2 _9142681
_aCultivos
_x Rendimiento
650 2 _930262
_aCultivos
_xEnfermedades
650 2 _9163841
_aCultivo en invernaderos
650 2 _930287
_aCultivos
_xIrrigación
650 2 _930287
_aCultivos
_xIrrigación
650 2 _91865
_aAgricultura
_xTrabajadores
_xMedidas de seguridad
942 _2ddc
_cLIBRO
999 _c217390
_d217390